Loading...

The Cultural Heritage Of India

Bibliographic Details
Other Authors: Sunit Kumar Chatterji (Ed.)
Format: Printed Book
Published: Calcutta; The Ramakrishna Mission; 1978
Edition:IInd
Subjects:
LEADER 00506nam a22001457a 4500
082 |a 954  |b SUN/T 
245 |a The Cultural Heritage Of India 
250 |a IInd 
260 |a Calcutta;  |b The Ramakrishna Mission;  |c 1978 
300 |a 839p. 
650 |a English; Indian History  |9 318696 
700 |a Sunit Kumar Chatterji (Ed.)  |9 318697 
942 |c BK 
999 |c 77288  |d 77288 
952 |0 0  |1 0  |4 0  |6 954_000000000000000_SUN_T  |7 0  |8 INDHIS  |9 90595  |a MAL  |b MAL  |d 2017-05-10  |e TE1920  |l 0  |o 954 SUN/T  |p MALTE001920  |r 2017-05-10  |t 1  |w 2017-05-10  |y BK